Teatro cómico para los niños

Αποθηκεύτηκε σε:
Λεπτομέρειες βιβλιογραφικής εγγραφής
Κύριος συγγραφέας: Berdiales, Germán (Συγγραφέας)
Μορφή: Βιβλίο
Γλώσσα:Ισπανικά
Έκδοση: Buenos Aires Kapelusz 1979
Θέματα:
Ετικέτες: Προσθήκη ετικέτας
Δεν υπάρχουν, Καταχωρήστε ετικέτα πρώτοι!

MARC

LEADER 00000nam a2200000 a 4500
001 UCW3465
003 CL-VaPUC
008 880915e19790000AG |||||||||||||||||spa|d
082 0 4 |a 792.0226  |b BER  |2 21 
100 0 |a Berdiales, Germán  |e author  |9 307646 
245 1 0 |a Teatro cómico para los niños 
300 |a 171 p 
942 |c BK 
945 |d 19880915 00:00:00 
260 |a Buenos Aires  |b Kapelusz  |c 1979 
650 0 |a Teatro escolar  |9 307647 
650 7 |a TEATRO EN LA EDUCACION  |2 CL-VaPUC  |9 307648 
650 0 |a Literatura infantil   |9 307465 
583 |a last modification  |c 19880915 00:00:00  |k Rodrigo Vera 
999 |c 217449  |d 217447 
952 |0 0  |1 0  |4 0  |6 792_022600000000000_BER_1979  |7 0  |8 P  |9 205031  |a BIBEDU  |b BIBEDU  |c BIBEDU_PB  |d 2019-11-15  |i 272975K  |o 792.0226 BER 1979  |p 272975K  |r 2024-01-25  |w 2019-11-15  |y BK  |k EDU 
952 |0 0  |1 0  |4 0  |6 792_022600000000000_BER_1979  |7 0  |8 P  |9 205033  |a BIBEDU  |b BIBEDU  |c BIBEDU_PB  |d 2019-11-15  |i 1553054  |o 792.0226 BER 1979  |p 1553054  |r 2024-01-25  |w 2019-11-15  |y BK  |k EDU 
952 |0 0  |1 0  |4 0  |6 792_022600000000000_BER_1979  |7 0  |8 P  |9 205034  |a BIBEDU  |b BIBEDU  |c BIBEDU_PB  |d 2019-11-15  |i 1553062  |o 792.0226 BER 1979  |p 1553062  |r 2024-01-25  |w 2019-11-15  |y BK  |k EDU